Polskie miasta na D według podpowiedzi - Statystyki

Ogólne statystyki
  • Ten quiz został rozwiązany 172 razy
  • Średni wynik to 5 z 10
Statystyki odpowiedzi
Podpowiedź Miasto % Poprawnych
Od nazwy tego miasta pochodzi region Zagłębia we wschodnim województwie śląskim. Dąbrowa Górnicza
87%
Polska stolica opon i miejsce urodzenia Krzysztofa Pendereckiego. Leży na Podkarpaciu. Dębica
83%
Nadmorskie miasto na północy województwa zachodniopomorskiego. Darłowo
77%
Ważny węzeł kolejowy na styku województw lubelskiego i mazowieckiego. Dęblin
58%
Zachodniopomorskie miasto znane z ogromnego poligonu wojskowego. Drawsko Pomorskie
45%
Uzdrowiskowe miasto na ziemi kłodzkiej, mocno związane z Fryderykiem Chopinem. Duszniki-Zdrój
40%
Nadnoteckie miasto z dawną twierdzą, w którym mieści się lombard Pana z Lombardu. Drezdenko
31%
Położone w sąsiedztwie Gór Sowich, około 20 km od Wałbrzycha. Słynie z radia. Dzierżoniów
31%
Historyczna stolica Podlasia i siedziba diecezji rzymskokatolickiej. Drohiczyn
27%
Historyczna stolica regionu, w której powstał jedyny polski zakon rycerski. Dobrzyń nad Wisłą
7%
Nie znaleziono quizów pasujących do podanych kryteriów
Rozkład punktacji
Procent ludzi z każdym wynikiem
Percentyl według liczby udzielonych odpowiedzi
Twoja historia wyników
Nie rozwiązałeś tego quizu